| 000 | 00553cam a2200205ua 4500 | ||
|---|---|---|---|
| 001 | 6573 | ||
| 008 | 140312n ii |||gr||||Z||||||eng | ||
| 020 | _a0-07-462264-1 | ||
| 040 | _cMAIN | ||
| 082 | _a658.3 | ||
| 245 |
_aPersonnel management _cBy Arun Monappa |
||
| 250 | _a2nd ed. | ||
| 260 |
_aNew delhi: _bTata McGraw-hill publishing company limited, _c2002. |
||
| 300 | _aix,413p. | ||
| 653 | _aGeneral management | ||
| 653 | _aPersonnel management | ||
| 700 |
_aMonappa,Arun, _eAuthor., |
||
| 700 |
_aSaiyadain,Mirza S., _eAuthor. |
||
| 942 | _cBK | ||
| 999 |
_c5722 _d5722 |
||